Statistics for Tuvalu Country Quiz

Click here to take the quiz!

General Stats

  • This quiz has been taken 6,652 times
    (6,592 since last reset)
  • The average score is 9 of 12

Answer Stats

HintAnswer% Correct
Official languagesEnglish
99%
Region of Oceania in which Tuvalu lies{Poly}nesia
92%
Country whose flag appears in the upper left corner of Tuvalu's flagUnited Kingdom
92%
51.6% of adults from Tuvalu are _____, the 4th highest rate of any countryObese
91%
Currency used by TuvaluAustralian dollar
90%
Staple crop which comes from palm treesCoconut
84%
Country which lies about 850 km due south of TuvaluFiji
83%
What the nine stars on the flag of Tuvalu representIslands
71%
Official languagesTuvaluan
67%
Capital cityFunafuti
56%
Type of sea vessel which brought the original inhabitants to the islandsCanoe
52%
Former name of Tuvalu{Ellice} Islands
23%

Score Distribution

Percentile by Number Answered

Percent of People with Each Score

Your Score History

You have not taken this quiz since the last reset